| 000 | 00692nam a22002057a 4500 | ||
|---|---|---|---|
| 005 | 20150515121848.0 | ||
| 010 | _aENG-112300 | ||
| 020 |
_a9781138020375 _c995.00 |
||
| 035 | _aEN-95832 | ||
| 037 | _bDBAD/PUB | ||
| 082 | _a150.72 | ||
| 245 |
_aQualitative research on illness, wellbeing and self-growth : _bcontemporary Indian perspectives / _cedited by Kumar Ravi Priya [and] Ajit Kumar Dalal |
||
| 260 |
_aNew Delhi _bRoutledge _c2015 |
||
| 270 |
_a912,Tolstoy House, 15-17 Tolstoy Marg, Connaught Place _bNew Delhi _e110001 |
||
| 300 |
_aix,339p. _c22cm(Hb) |
||
| 500 | _aIncludes index | ||
| 700 | _aKumar Ravi Priya | ||
| 700 | _a Dalal, Ajit Kumar | ||
| 942 |
_2ddc _cEN _m QUA _k150.72 |
||
| 999 |
_c91955 _d91955 |
||